[Event "Superturnier"]
[Site "Computer"]
[Date "2021.10.15"]
[Round "3"]
[White "Mephisto RISC 1MB"]
[Black "Mephisto Berlin Pro 68020"]
[Result "1/2-1/2"]
[WhiteElo "2200"]
[BlackElo "2200"]
[PlyCount "50"]
[EventDate "2021.??.??"]

1. e4 c5 2. Nf3 Nc6 3. d4 cxd4 4. Nxd4 Nf6 5. Nc3 d6 6. Bg5 e6 7. Qd2 Be7 8.
O-O-O O-O 9. Nb3 Qb6 10. Be3 Qd8 11. f4 a5 12. Bb5 a4 13. Nd4 Nxd4 14. Bxd4 a3
15. b3 Qc7 16. h3 e5 17. Be3 Be6 18. f5 Rac8 19. fxe6 Qxc3 20. Qxc3 Rxc3 21.
exf7+ Kxf7 22. Bc4+ Ke8 23. Bb5+ Kf7 24. Bc4+ Ke8 25. Bb5+ Kf7 1/2-1/2

[Event "Superturnier"]
[Site "Computer"]
[Date "2021.10.15"]
[Round "3"]
[White "Fidelity Excel 68020 Mach IV"]
[Black "Saitek RISC 2500 v1.04"]
[Result "0-1"]
[WhiteElo "2200"]
[BlackElo "2200"]
[Annotator "Pillen,Markus"]
[PlyCount "134"]
[EventDate "2021.??.??"]

{[%evp 0,134,27,27,45,45,76,66,59,27,33,36,69,47,43,46,63,43,57,53,73,76,71,64,
56,15,44,28,-16,-21,-8,-8,-5,-5,29,-149,0,0,5,5,19,24,12,19,-27,-64,-54,-77,
-77,-55,0,-88,-88,-101,-94,-100,-100,-98,-98,-136,-139,-141,-148,-147,-142,
-390,-387,-413,-418,-449,-455,-462,-462,-464,-464,-473,-473,-476,-482,-485,
-489,-492,-459,-460,-480,-496,-481,-481,-492,-492,-492,-492,-514,-513,-516,
-515,-533,-532,-528,-540,-514,-521,-521,-521,-521,-533,-523,-533,-533,-551,
-551,-551,-629,-639,-698,-786,-859,-881,-875,-947,-1604,-28870,-29968,-29969,
-29970,-29989,-29990,-29991,-29992,-29993,-29994,-29995,-29996,-29997,-29998,
-29999,-30000]} 1. e4 c5 2. Nf3 d6 3. d4 cxd4 4. Nxd4 Nf6 5. Nc3 e6 6. Be2 Be7
7. O-O Nc6 8. Be3 a6 9. Qd2 d5 10. exd5 exd5 11. Rad1 O-O 12. Na4 Ne4 13. Qe1
Re8 14. Nxc6 bxc6 15. f3 Bh4 16. g3 Nd6 17. Nb6 Rb8 18. Nxc8 Qxc8 19. Bf4 Be7
20. b3 Ra8 21. c4 Nf5 22. cxd5 Bc5+ 23. Kh1 Nd4 24. Rf2 Nc2 25. Qc3 Bxf2 26.
Qxc2 cxd5 27. Qxc8 Raxc8 28. Bxa6 Rc2 29. a4 Re1+ 30. Rxe1 Bxe1 31. Bb7 d4 32.
Bd5 d3 33. Be4 Rc3 34. b4 d2 35. Bxd2 Bxd2 36. b5 Rc4 37. b6 Rxa4 38. b7 Rb4
39. Kg2 Rb2 40. h4 Bf4+ 41. Kh3 Bd6 42. h5 f5 43. Bxf5 Rxb7 44. Be6+ Kf8 45. f4
Ke7 46. Bf5 h6 47. Kg2 Rb3 48. Kf2 Kf6 49. Be4 Ke6 50. Bh7 Ra3 51. Be4 Rc3 52.
Kg2 Bc5 53. Bh7 Ra3 54. Be4 Bb4 55. Kf2 Be1+ 56. Kxe1 Re3+ 57. Kf1 Rxe4 58. Kf2
Rb4 59. Kf3 Rb3+ 60. Kg4 Ra3 61. Kh3 Kf5 62. Kh4 Ra1 63. Kh3 Ra2 64. g4+ Kxf4
65. g5 hxg5 66. h6 g4+ 67. Kh4 Rh2# 0-1

[Event "Superturnier"]
[Site "Computer"]
[Date "2021.10.15"]
[Round "3"]
[White "Fidelity Excel 68020 Mach IV"]
[Black "Mephisto RISC 1MB"]
[Result "1-0"]
[WhiteElo "2200"]
[BlackElo "2200"]
[Annotator "Pillen,Markus"]
[PlyCount "137"]
[EventDate "2021.??.??"]

{[%evp 0,117,27,27,27,13,13,20,57,3,68,68,62,44,57,24,40,30,41,73,65,78,37,60,
60,57,117,111,116,116,175,156,158,180,158,192,187,188,196,203,171,155,184,198,
198,154,169,155,188,191,155,166,167,170,152,149,152,114,149,104,150,144,211,40,
174,168,149,66,64,48,50,45,30,42,56,12,155,109,112,95,179,192,179,182,182,101,
128,134,130,131,151,168,175,179,192,217,239,182,256,408,955,1023,1023,1039,
1042,1072,1072,1110,1110,1119,1152,1252,1252,1252,1252,1340,1352,1373,1375,
1499]} 1. e4 e5 2. Nf3 Nc6 3. Bb5 g6 4. c3 d6 5. d4 Bd7 6. O-O Bg7 7. dxe5 dxe5
8. Be3 a6 9. Bc4 b5 10. Bd5 Nf6 11. Bc5 Bf8 12. Bxf8 Rxf8 13. Re1 Qe7 14. a4
Ra7 15. Nbd2 Nd8 16. axb5 Bxb5 17. Nc4 Nd7 18. Na3 Bc6 19. Bxc6 Nxc6 20. Qd5
Ndb8 21. Nc4 f6 22. Red1 Nd8 23. Rd2 Nd7 24. Rad1 Rf7 25. b3 Rb7 26. Qa5 Qe6
27. Qa3 Rb8 28. Rd5 Re7 29. h3 Rb5 30. Ne3 c6 31. Qxa6 Rb7 32. R5d3 Qxb3 33.
Nc4 Kf8 34. Qa8 Qxc4 35. Qxd8+ Re8 36. Qa5 Nc5 37. Rd8 Rbe7 38. Rxe8+ Rxe8 39.
Nd2 Qe2 40. Qxc5+ Re7 41. Rb1 Qxd2 42. Rb7 Qd1+ 43. Kh2 Qd8 44. c4 Qe8 45. Rxe7
Qxe7 46. Qxc6 Kf7 47. c5 Qa7 48. Kg3 h6 49. Qd5+ Kg7 50. c6 Qa3+ 51. f3 Qe7 52.
Qd7 Kf7 53. Qb7 f5 54. Kh2 h5 55. c7 fxe4 56. Qd5+ Qe6 57. Qxe6+ Kxe6 58. c8=Q+
Ke7 59. Qc5+ Ke6 60. fxe4 Kf6 61. Qf8+ Ke6 62. Qe8+ Kf6 63. Kg3 Kg7 64. Kh4 Kf6
65. Qd7 g5+ 66. Kxh5 g4 67. g3 gxh3 68. g4 h2 69. g5# 1-0

[Event "Superturnier"]
[Site "Computer"]
[Date "2021.10.15"]
[Round "3"]
[White "Saitek RISC 2500 v1.04"]
[Black "Mephisto Berlin Pro 68020"]
[Result "1-0"]
[WhiteElo "2200"]
[BlackElo "2200"]
[Annotator "Pillen,Markus"]
[PlyCount "83"]
[EventDate "2021.??.??"]

{[%evp 0,83,27,13,13,13,74,72,139,136,100,111,267,280,241,262,259,152,179,179,
198,288,420,406,480,495,670,664,672,321,322,347,329,316,316,316,355,362,384,
404,522,516,589,519,544,560,499,459,499,489,725,648,648,734,734,653,632,620,
759,783,1375,1547,1624,1738,1871,1871,1969,2166,2243,28708,29983,29984,29985,
29988,29989,1840,29989,29990,29993,29994,29995,29996,29997,29998,29999,-30000]
} 1. e4 e5 2. Nf3 f5 3. exf5 e4 4. Ne5 Nf6 5. Be2 d5 6. Bh5+ Ke7 7. d3 Rg8 8.
O-O Bxf5 9. dxe4 Bxe4 10. Nc3 Qd6 11. Bf4 Qc5 12. Bf7 Rh8 13. Re1 c6 14. Bg6
hxg6 15. Nxg6+ Kf7 16. Nxh8+ Kg8 17. Nxe4 Nxe4 18. Be3 Qb4 19. Ng6 Bd6 20. Qg4
Na6 21. Qe6+ Kh7 22. f3 Nf6 23. Qf5 Kg8 24. c3 Qxb2 25. Qe6+ Kh7 26. Qxd6 Kxg6
27. Qg3+ Kh7 28. Rab1 Qxc3 29. Rxb7 Ne8 30. Qh4+ Kg8 31. Bd4 Qxe1+ 32. Qxe1
Nac7 33. Qe7 Rc8 34. Qd7 Ra8 35. Rxc7 Rb8 36. Qe6+ Kh7 37. Qg4 Rb1+ 38. Kf2
Rf1+ 39. Kxf1 Kg8 40. Rxg7+ Kf8 41. Qe6 Nxg7 42. Bc5# 1-0

[Event "Superturnier"]
[Site "Computer"]
[Date "2021.10.15"]
[Round "3"]
[White "Mephisto RISC 1MB"]
[Black "Saitek RISC 2500 v1.04"]
[Result "0-1"]
[WhiteElo "2200"]
[BlackElo "2200"]
[Annotator "Pillen,Markus"]
[PlyCount "104"]
[EventDate "2021.??.??"]

{[%evp 0,104,27,13,45,45,45,21,24,14,89,16,23,-8,3,-4,-10,-46,0,-278,-261,-270,
-278,-284,-246,-270,-254,-267,-258,-265,-272,-273,-247,-255,-286,-319,-310,
-325,-319,-324,-317,-351,-322,-325,-326,-356,-340,-362,-364,-374,-360,-392,
-402,-472,-388,-409,-380,-388,-390,-432,-403,-414,-436,-475,-518,-520,-549,
-557,-548,-557,-607,-607,-639,-690,-658,-690,-733,-802,-874,-965,-996,-1065,
-1004,-1211,-1256,-1394,-1475,-1703,-1394,-1795,-2304,-2534,-3507,-29987,
-29988,-29989,-29990,-29991,-29992,-29993,-29994,-29995,-29996,-29997,-29998,
-29999,-30000]} 1. e4 c5 2. Nf3 Nc6 3. d4 cxd4 4. Nxd4 g6 5. c4 Nf6 6. f3 Qb6
7. Nb5 d6 8. Be2 Be6 9. Be3 Qxe3 10. Nc7+ Kd7 11. Nxa8 Bg7 12. Qd2 Qxd2+ 13.
Nxd2 Nh5 14. Nb3 Rxa8 15. O-O-O Kc7 16. g3 a5 17. Rhe1 a4 18. Nd2 a3 19. b3 Bd4
20. f4 Nf6 21. Bf3 Ng4 22. f5 gxf5 23. Bxg4 fxg4 24. Nf1 Bb2+ 25. Kc2 f5 26.
Nd2 Bd4 27. Kb1 h6 28. Rf1 Rf8 29. Rc1 h5 30. Rcd1 h4 31. gxh4 f4 32. Rde1 f3
33. Rc1 f2 34. Rcd1 Rh8 35. Rh1 Rxh4 36. Nf1 Rh3 37. Ng3 Be5 38. Rc1 Bxg3 39.
hxg3 Rxg3 40. c5 dxc5 41. Rhf1 Rf3 42. Rxc5 g3 43. Rg5 Nd4 44. Rc5+ Kd7 45. Rg5
Re3 46. Rc5 Re1+ 47. Rc1 Rxf1 48. Rxf1 g2 49. Rd1 g1=Q 50. Kc1 Qe1 51. b4 Qc3+
52. Kb1 Qb2# 0-1

[Event "Superturnier"]
[Site "Computer"]
[Date "2021.10.15"]
[Round "3"]
[White "Mephisto Berlin Pro 68020"]
[Black "Fidelity Excel 68020 Mach IV"]
[Result "1-0"]
[WhiteElo "2200"]
[BlackElo "2200"]
[Annotator "Pillen,Markus"]
[PlyCount "201"]
[EventDate "2021.??.??"]

{[%evp 0,111,23,13,45,45,79,62,57,29,29,35,31,35,43,43,49,34,32,20,35,21,16,-5,
0,-32,-18,-83,-90,-117,-127,-196,-176,-170,-170,-205,-138,-95,-113,-104,-67,
-72,-90,-100,-98,-98,-110,-116,-124,-112,-108,-103,-108,-108,-128,-119,-119,
-121,-103,-145,-122,-146,-142,-180,-140,-156,-135,-199,-168,-196,-198,-177,
-162,-165,-145,-139,-141,-193,-201,-180,-176,-180,-162,-165,-172,-177,-148,
-181,-179,-191,-177,-187,-179,-201,-198,-271,-275,-270,-273,-294,-273,-267,
-282,-282,-243,-256,-63,-15,189,196,362,385,385,420]} 1. e4 c5 2. Nf3 d6 3. d4
cxd4 4. Nxd4 Nf6 5. Nc3 Nc6 6. Bg5 e6 7. Qd2 Be7 8. O-O-O O-O 9. Nb3 Qb6 10. f3
Rd8 11. Be3 Qc7 12. g4 d5 13. Nb5 Qb8 14. g5 dxe4 15. Qf2 Rxd1+ 16. Kxd1 Nd5
17. fxe4 Qe5 18. Bd2 Qxe4 19. Bg2 Qa4 20. Rf1 Nd8 21. Bxd5 Qxb5 22. Be4 Bxg5
23. Rg1 Be7 24. Bc3 e5 25. Qg3 Bf6 26. Bd3 Qd5 27. Kc1 Nc6 28. Qe3 Qe6 29. Qf2
Be7 30. Be4 f5 31. Qg2 Qh6+ 32. Bd2 f4 33. Bd5+ Kh8 34. Be4 Bd7 35. Kb1 Rf8 36.
Bc3 Bd6 37. Rd1 Qe6 38. Rg1 Qe7 39. Qf3 Qh4 40. Qg2 Rf7 41. Bd5 Re7 42. a3 Qh3
43. Rd1 Qxg2 44. Bxg2 Bc7 45. Be4 Bg4 46. Rd2 Bb6 47. Nc5 Bxc5 48. Bxc6 Bb6 49.
Bb4 Rf7 50. Be8 Rf6 51. Be7 Re6 52. Rd7 Rh6 53. Rxb7 Rxh2 54. Bc6 h5 55. Rb8+
Kh7 56. Be4+ Bf5 57. Bxf5+ g6 58. Be4 Bc7 59. Rb7 Re2 60. Bd3 Re1+ 61. Ka2 Kh6
62. Rxc7 e4 63. Bb4 Re3 64. Bc4 h4 65. Rxa7 h3 66. Bf8+ Kg5 67. Rh7 Rg3 68. Be6
Kf6 69. Bxh3 g5 70. Bd7 Rg2 71. Bc6 Re2 72. c3 f3 73. Rh6+ Kf5 74. Bd7+ Kf4 75.
Rf6+ Ke3 76. Kb3 Kd2 77. Bh6 Kc1 78. Bxg5+ Kb1 79. Bf5 Rxb2+ 80. Kc4 Re2 81.
Kd4 Ka2 82. Bxe4 Rg2 83. Bf4 Rg7 84. Bd5+ Ka1 85. Bxf3 Rd7+ 86. Kc4 Kb2 87. a4
Ra7 88. Kb4 Kc2 89. Be4+ Kd1 90. a5 Ke1 91. Re6 Kf1 92. Be3 Rf7 93. a6 Ke2 94.
a7 Rf8 95. Bf4 Rxf4 96. a8=Q Ke3 97. Qd5 Rf8 98. Qd4+ Kf4 99. Rg6 Re8 100. Bc6+
Kf5 101. Qf6# 1-0

[Event "Superturnier"]
[Site "Computer"]
[Date "2021.10.15"]
[Round "4"]
[White "Mephisto Berlin Pro 68020"]
[Black "Mephisto RISC 1MB"]
[Result "1-0"]
[WhiteElo "2200"]
[BlackElo "2200"]
[Annotator "Pillen,Markus"]
[PlyCount "91"]
[EventDate "2021.??.??"]

{[%evp 0,91,23,13,13,13,13,20,28,3,8,0,18,-11,-13,22,7,5,9,9,-14,1,5,0,41,28,
50,10,10,24,15,34,48,-8,17,-34,-26,-25,-7,-73,-64,-54,-93,-74,-94,-74,-22,-38,
0,-26,-46,-12,0,0,0,0,0,4,15,0,108,134,118,141,388,380,383,423,436,466,479,493,
552,577,960,982,982,997,1009,1022,1450,29986,29987,29988,29989,29990,29991,
29992,29993,29994,29997,29998,29999,-30000]} 1. e4 e5 2. Nf3 Nc6 3. Bb5 a6 4.
Ba4 Nf6 5. O-O Nxe4 6. d4 b5 7. Bb3 d5 8. dxe5 Be6 9. Be3 Be7 10. c3 O-O 11.
Nbd2 Nxd2 12. Qxd2 Qd7 13. Bg5 Rad8 14. Rfe1 Na5 15. Bc2 Nc4 16. Qd3 g6 17. Qd4
Nxb2 18. Qh4 Rfe8 19. Bxe7 Qxe7 20. Ng5 h5 21. Qf4 Nc4 22. Bd3 Bg4 23. a4 Nb2
24. Bc2 Nxa4 25. h3 Be6 26. Bxa4 bxa4 27. Rxa4 Bc8 28. Ra5 c6 29. Rc5 Bb7 30.
e6 f5 31. Nf7 Qxc5 32. Qe5 Kh7 33. Nxd8 Qe7 34. Nxb7 Qxb7 35. e7 h4 36. Qf6 Kh6
37. Qf8+ Rxf8 38. exf8=Q+ Qg7 39. Qd8 Kh5 40. g3 hxg3 41. fxg3 Qa7+ 42. Kg2 Kh6
43. Re8 Qc5 44. Qf6 Qf8 45. Rxf8 c5 46. Rh8# 1-0

[Event "Superturnier"]
[Site "Computer"]
[Date "2021.10.15"]
[Round "4"]
[White "Saitek RISC 2500 v1.04"]
[Black "Fidelity Excel 68020 Mach IV"]
[Result "1/2-1/2"]
[WhiteElo "2200"]
[BlackElo "2200"]
[Annotator "Pillen,Markus"]
[PlyCount "245"]
[EventDate "2021.??.??"]

{[%evp 0,191,23,13,45,45,66,48,44,34,56,24,36,26,34,21,57,40,40,41,37,31,53,45,
45,17,33,-3,1,0,10,-10,-2,-16,-14,-20,-8,-21,-10,-45,-38,-43,-43,-43,-38,-54,
-54,-69,-65,-62,-44,-81,-66,-92,-64,-64,-64,-51,-63,-58,-44,-160,-51,-56,-67,
-56,-55,-48,-49,-49,-51,-50,-42,-50,-28,-18,-14,-72,-127,-123,-89,-89,-113,
-107,-129,-139,-136,-134,-186,-186,-258,-269,-269,-351,-185,-165,-155,-446,
-155,-283,-399,-428,-464,-464,-471,-524,-12,-7,-11,-7,-7,-7,-7,-7,-7,0,0,0,0,0,
0,0,0,0,0,0,0,0,0,0,0,0,0,0,0,0,0,0,0,0,0,0,1,1,0,0,0,0,0,0,0,0,0,0,0,0,0,0,0,
0,0,0,0,0,0,0,0,0,0,0,0,0,0,0,0,0,0,0,0,0,0,0,0,0,0,0,0,0,0,0,0,0,0,0]} 1. e4
c5 2. Nf3 d6 3. Bb5+ Bd7 4. Bxd7+ Qxd7 5. c4 e5 6. Nc3 Nc6 7. d3 g6 8. Nd5 Nce7
9. O-O Nxd5 10. cxd5 Ne7 11. Bg5 Bg7 12. Bxe7 Qxe7 13. Qa4+ Qd7 14. Qxd7+ Kxd7
15. Rfc1 Bh6 16. Rc2 f5 17. Re1 Raf8 18. h4 Rf7 19. Ng5 Bxg5 20. hxg5 h6 21.
gxh6 Rxh6 22. g3 Rfh7 23. Kg2 Rh2+ 24. Kf3 Ke7 25. a4 b6 26. Ke3 R7h3 27. Rec1
f4+ 28. Kf3 Kf6 29. b3 a6 30. d4 exd4 31. Kxf4 Rh8 32. Rd2 g5+ 33. Kg4 Re8 34.
Re1 b5 35. axb5 axb5 36. Ree2 Rh1 37. Rd3 Kg6 38. f4 gxf4 39. gxf4 Rg1+ 40. Rg3
Rxg3+ 41. Kxg3 c4 42. bxc4 bxc4 43. Rc2 c3 44. Kf3 Rh8 45. Ke2 Rh3 46. Kd1 Rd3+
47. Kc1 Re3 48. f5+ Kg5 49. Rg2+ Kf4 50. Rf2+ Kxe4 51. Kc2 Kxd5 52. f6 Re8 53.
f7 Rf8 54. Kd3 Kc5 55. Rf1 Kb4 56. Rf5 Kb3 57. Rb5+ Ka3 58. Rb7 d5 59. Re7 Kb4
60. Rc7 Kb3 61. Rb7+ Ka2 62. Kc2 Ka3 63. Rc7 Rh8 64. Kd3 Kb2 65. Rb7+ Kc1 66.
Re7 Rf8 67. Re1+ Kb2 68. Re2+ Kb3 69. Re7 Ka4 70. Rb7 Rc8 71. Rc7 Rf8 72. Kxd4
c2 73. Rxc2 Rxf7 74. Kxd5 Rh7 75. Rc3 Rh5+ 76. Ke4 Rh4+ 77. Ke5 Rh5+ 78. Kd4
Rh4+ 79. Kc5 Rh5+ 80. Kd6 Kb4 81. Rc7 Ra5 82. Rc8 Rg5 83. Rc1 Kb5 84. Rc2 Rh5
85. Rc7 Kb4 86. Rc1 Rg5 87. Rc8 Ra5 88. Rc2 Kb3 89. Rc6 Kb4 90. Ke6 Rh5 91. Rc7
Rb5 92. Rd7 Kc4 93. Rd8 Rh5 94. Rd1 Rg5 95. Rd7 Ra5 96. Rd8 Rb5 97. Rd7 Rg5 98.
Rd1 Rh5 99. Rd7 Kc5 100. Rd2 Rh1 101. Rd7 Re1+ 102. Kf5 Re2 103. Rd8 Kc4 104.
Rd7 Re8 105. Rd6 Re3 106. Rd7 Kc5 107. Rd8 Re2 108. Rd7 Re1 109. Rd8 Kc4 110.
Rd7 Re2 111. Rd8 Re7 112. Rd6 Kc5 113. Rd8 Re3 114. Rd7 Re8 115. Rd3 Kc6 116.
Rd4 Re1 117. Rd8 Re3 118. Rd4 Re2 119. Rd8 Kc5 120. Rd7 Re3 121. Rd8 Re7 122.
Rd3 Re2 123. Rd7 1/2-1/2

[Event "Superturnier"]
[Site "Computer"]
[Date "2021.10.15"]
[Round "4"]
[White "Mephisto RISC 1MB"]
[Black "Fidelity Excel 68020 Mach IV"]
[Result "1-0"]
[WhiteElo "2200"]
[BlackElo "2200"]
[Annotator "Pillen,Markus"]
[PlyCount "121"]
[EventDate "2021.??.??"]

{[%evp 0,104,23,13,13,13,20,14,14,-11,13,4,4,12,4,22,22,9,9,1,2,-28,15,10,49,
43,44,48,48,31,96,164,144,152,172,167,167,169,169,191,211,141,141,141,165,179,
184,148,154,145,140,115,111,55,102,63,107,77,72,74,79,76,86,106,122,123,126,
128,149,160,161,169,177,176,216,185,257,262,255,242,312,324,368,367,498,510,
518,537,593,613,613,621,749,800,1485,1528,1651,1741,1793,1976,2114,2128,2226,
1923,2150,2349,2672]} 1. e4 e5 2. Nf3 Nc6 3. Bb5 a6 4. Ba4 Nf6 5. d4 Nxe4 6.
Qe2 b5 7. Qxe4 d5 8. Qe3 bxa4 9. Nxe5 Nxe5 10. O-O Be6 11. Qxe5 Be7 12. Qxg7
Bf6 13. Qg3 Bxd4 14. Nc3 Qd7 15. Rd1 Bxc3 16. Qxc3 O-O-O 17. Bg5 Rde8 18. Bf4
Rhg8 19. Rd4 Rg6 20. Qa5 Qc6 21. Re1 Reg8 22. g3 Qb6 23. Qxb6 cxb6 24. Rxa4 Kb7
25. Kg2 Re8 26. Be5 h5 27. Rh4 Bf5 28. Rxh5 Bxc2 29. Re3 Rge6 30. Bd4 Bg6 31.
Rg5 Be4+ 32. f3 Bb1 33. Rxe6 fxe6 34. a3 Rc8 35. Rg7+ Kc6 36. h4 Kb5 37. Kf2
Rc2+ 38. Ke3 Kc6 39. Be5 Kb5 40. Re7 Rc6 41. h5 Bf5 42. g4 Bb1 43. h6 Bg6 44.
h7 Bxh7 45. Rxh7 Kc5 46. g5 b5 47. g6 Kc4 48. g7 Rc8 49. Rh8 Rc6 50. g8=Q Kb3
51. Qa8 Rc1 52. Qxa6 Re1+ 53. Kf4 Rc1 54. Qxb5+ Ka2 55. Rh2 Rc4+ 56. Ke3 d4+
57. Bxd4 Rxd4 58. Kxd4 Kb1 59. Kc3 e5 60. Rh1+ Ka2 61. Qd5# 1-0

[Event "Superturnier"]
[Site "Computer"]
[Date "2021.10.15"]
[Round "4"]
[White "Mephisto Berlin Pro 68020"]
[Black "Saitek RISC 2500 v1.04"]
[Result "1-0"]
[WhiteElo "2200"]
[BlackElo "2200"]
[Annotator "Pillen,Markus"]
[PlyCount "157"]
[EventDate "2021.??.??"]

{[%evp 0,129,23,13,31,31,24,-8,-9,9,61,70,73,48,80,75,75,76,90,85,148,164,158,
169,196,188,247,341,293,191,172,156,156,148,181,176,179,130,103,100,100,90,71,
91,92,107,103,100,89,101,125,142,176,155,206,231,226,218,243,272,286,311,326,
336,366,372,458,436,433,391,472,463,516,534,537,519,522,522,521,531,555,527,
552,501,515,526,543,546,562,540,556,547,616,587,628,587,624,653,728,758,758,
752,805,694,736,666,702,678,740,768,768,915,966,683,748,708,708,718,723,723,
766,780,838,838,854,956,964,976,1000,1338,1457,1483]} 1. e4 e6 2. d4 d5 3. Nd2
Nf6 4. e5 Ne4 5. Nxe4 dxe4 6. Bc4 c5 7. d5 Qb6 8. b3 Nd7 9. dxe6 Nxe5 10. exf7+
Nxf7 11. Qd5 Nd6 12. Qe5+ Be7 13. Bg5 Nf5 14. Bxe7 Nxe7 15. Qxg7 Rf8 16. Ne2
Be6 17. Bxe6 Qxe6 18. O-O O-O-O 19. Rad1 e3 20. f3 Ng6 21. Qh6 Qe7 22. Rfe1
Rxd1 23. Rxd1 Kb8 24. c4 Rf6 25. Qh3 Ra6 26. Qg3+ Qe5 27. f4 Rd6 28. Rf1 Qe7
29. f5 Ne5 30. Nc3 e2 31. Nxe2 Qf6 32. Nf4 Qh8 33. Ne6 h5 34. Nxc5 h4 35. Qf4
h3 36. f6 hxg2 37. Re1 Qxf6 38. Qxf6 Rxf6 39. Rxe5 Rd6 40. Re2 Kc7 41. Rxg2 Kc6
42. Ne4 Re6 43. Rg4 b5 44. Kg2 bxc4 45. bxc4 a5 46. h4 Rh6 47. Kf3 Kc7 48. Rg7+
Kc6 49. Kg4 Rh8 50. Rg6+ Kd7 51. Ra6 Rg8+ 52. Kh3 Rf8 53. Rxa5 Rf4 54. Re5 Rf3+
55. Kg4 Ra3 56. Rd5+ Ke6 57. Rd2 Ke5 58. Nc5 Kf6 59. Nd7+ Ke6 60. h5 Ra8 61. h6
Rh8 62. Kg5 Rg8+ 63. Kh5 Rh8 64. c5 Kf5 65. c6 Ke6 66. c7 Rc8 67. h7 Kf5 68.
Nb6 Rh8 69. c8=Q+ Rxc8 70. Nxc8 Kf4 71. Kg6 Ke3 72. Rd7 Kf3 73. a4 Ke3 74. a5
Kf3 75. a6 Ke2 76. h8=Q Kf2 77. Qc3 Kg1 78. Rd2 Kh1 79. Qa1# 1-0

[Event "Superturnier"]
[Site "Computer"]
[Date "2021.10.15"]
[Round "4"]
[White "Saitek RISC 2500 v1.04"]
[Black "Mephisto RISC 1MB"]
[Result "1-0"]
[WhiteElo "2200"]
[BlackElo "2200"]
[Annotator "Pillen,Markus"]
[PlyCount "113"]
[EventDate "2021.??.??"]

{[%evp 0,89,23,13,46,45,90,49,53,40,47,9,11,4,2,4,-16,-5,-3,3,6,6,28,19,15,15,
43,43,45,23,22,22,25,19,17,22,84,106,138,197,241,261,270,265,255,244,266,256,
253,280,247,268,290,207,269,199,266,273,330,324,304,294,360,355,390,386,533,
571,604,659,666,709,720,722,800,863,884,823,885,901,962,1033,1065,1189,1249,
1677,1788,2872,29971,29972,29973,29976]} 1. e4 c5 2. Nf3 d6 3. Bb5+ Bd7 4.
Bxd7+ Nxd7 5. c4 Ngf6 6. Nc3 g6 7. d4 cxd4 8. Nxd4 Rc8 9. b3 Qa5 10. Bd2 Bh6
11. O-O Bg7 12. Re1 Qb6 13. Be3 Qa5 14. Qd2 Ng4 15. Rad1 Be5 16. Kh1 Bxh2 17.
g3 Qh5 18. Kg2 a6 19. Rh1 b5 20. f3 Nxe3+ 21. Qxe3 bxc4 22. Nd5 Qe5 23. Rxh2 e6
24. f4 Qg7 25. Nb4 a5 26. Nbc6 e5 27. fxe5 Nxe5 28. Nxe5 dxe5 29. Nb5 O-O 30.
Nd6 Rcd8 31. bxc4 f5 32. Qd2 Rf6 33. Qd5+ Kf8 34. Qc5 Rfxd6 35. Rxd6 Rxd6 36.
Qxd6+ Qe7 37. Qxe7+ Kxe7 38. Rxh7+ Kd6 39. exf5 gxf5 40. Ra7 a4 41. Rxa4 Kc5
42. Ra5+ Kd4 43. Rd5+ Kxc4 44. Rxe5 Kd4 45. Rxf5 Ke4 46. g4 Ke3 47. Rf3+ Kd4
48. g5 Kd5 49. g6 Kc5 50. Rb3 Kd5 51. g7 Ke6 52. g8=Q+ Kd6 53. Rd3+ Ke7 54. Qg6
Kf8 55. Qf6+ Kg8 56. Rd8+ Kh7 57. Rh8# 1-0

[Event "Superturnier"]
[Site "Computer"]
[Date "2021.10.15"]
[Round "4"]
[White "Fidelity Excel 68020 Mach IV"]
[Black "Mephisto Berlin Pro 68020"]
[Result "0-1"]
[WhiteElo "2200"]
[BlackElo "2200"]
[Annotator "Pillen,Markus"]
[PlyCount "162"]
[EventDate "2021.??.??"]

{[%evp 0,162,23,13,45,45,92,57,57,35,35,36,49,37,51,16,25,-1,29,-22,-22,-20,
-36,-40,-40,-40,-44,-73,-71,-39,-50,-50,-17,-14,-22,-7,-29,-13,0,8,0,0,0,-41,
-48,-53,-42,-29,-35,-56,-63,-195,-216,-202,-199,-198,-208,-203,-192,-192,-190,
-199,-198,-200,-197,-199,-168,-203,-167,-161,-210,-191,-214,-211,-219,-225,
-215,-222,-222,-242,-249,-293,-219,-211,-209,-187,-211,-209,-202,-204,-204,
-231,-236,-234,-193,-250,-150,-146,-188,-203,-195,-230,-238,-243,-243,-256,
-245,-279,-272,-268,-273,-290,-303,-313,-324,-339,-344,-344,-366,-364,-344,
-351,-372,-380,-386,-392,-397,-1013,-1279,-1289,-28996,-1299,-1022,-1032,
-29970,-29971,-29972,-29973,-29974,-29975,-29976,-29979,-29976,-29977,-29978,
-29979,-29980,-29981,-29978,-29985,-29984,-29987,-29986,-29991,-29990,-29991,
-29992,-29993,-29994,-29995,-29996,-29997,-29998,-29999,-30000]} 1. e4 c5 2.
Nf3 d6 3. d4 cxd4 4. Nxd4 Nf6 5. Nc3 a6 6. Bg5 e6 7. f4 Qb6 8. Qd2 Qxb2 9. Nb3
Qa3 10. Bxf6 gxf6 11. Be2 Nc6 12. O-O Bd7 13. Kh1 Be7 14. Nb1 Qb4 15. Qe3 Bd8
16. N1d2 Qb6 17. Qg3 Be7 18. Qg7 Rf8 19. Nc4 Qc7 20. Qxh7 Rc8 21. Rab1 b5 22.
Ne3 Qb6 23. Rf3 Nb4 24. Rb2 f5 25. e5 dxe5 26. fxe5 Qc7 27. Qg7 Nc6 28. Rh3 Ba3
29. Rb1 Qxe5 30. Qxe5 Nxe5 31. Nd4 Bc5 32. c3 Bb6 33. Nec2 Ng4 34. Rf3 Rh8 35.
h3 Nf6 36. Rb3 Ne4 37. Ra3 e5 38. Rxa6 Bxd4 39. cxd4 Rxc2 40. Bxb5 Rc8 41.
Bxd7+ Kxd7 42. dxe5 Rhg8 43. Rd3+ Ke7 44. Rb3 Rc7 45. Rb1 Rg6 46. Ra8 f4 47.
Ra4 Nc3 48. Rc1 f3 49. gxf3 Rg3 50. Ra3 Rxf3 51. Kg2 Re3 52. Rb3 Ke6 53. a4
Nxa4 54. Rxe3 Rxc1 55. Ra3 Nc5 56. Ra7 Nd3 57. h4 Rc3 58. Ra2 Kxe5 59. Ra5+ Kf6
60. Kg1 Rc4 61. h5 Rh4 62. Kg2 Rxh5 63. Rxh5 Nf4+ 64. Kg3 Nxh5+ 65. Kg4 Ke5 66.
Kxh5 f5 67. Kh4 Kf4 68. Kh3 Kf3 69. Kh4 f4 70. Kh3 Ke2 71. Kg4 f3 72. Kf4 f2
73. Ke5 f1=Q 74. Ke6 Kd3 75. Ke7 Kd4 76. Kd7 Kc5 77. Ke6 Qf4 78. Ke7 Kd5 79.
Kd7 Qf7+ 80. Kd8 Kd6 81. Kc8 Qc7# 0-1